000 01478cam a2200337 a 4500
999 _c533123
_d533123
001 14514441
003 NUST
005 20191212141432.0
008 060823s2007 ne a 001 0 eng
010 _a 2006028112
020 _a9780240808208 (pbk. : alk. paper)
020 _a0240808207 (pbk. : alk. paper)
035 _a(OCoLC)ocm71266403
038 _awaseem
040 _aDLC
_cDLC
_dBAKER
_dC#P
_dYDXCP
_dBTCTA
_dIH7
_dDLC
050 0 0 _aNC1765
_b.B38 2007
082 0 0 _a791.4334
_bBIE
100 1 _aBeiman, Nancy.
_926841
245 1 0 _aPrepare to board! :
_bcreating story and characters for animated features and shorts /
_cNancy Beiman.
260 _aAmsterdam ;
_aBoston :
_bFocal Press,
_cc2007.
300 _axiv, 317 p. :
_bill. (some col.) ;
_c26 cm.
504 _aIncludes bibliographical references (p. 279-282) and index.
650 0 _aAnimated films
_xAuthorship.
_926842
650 0 _aAnimation (Cinematography)
_926843
650 0 _aCartoon characters.
_926844
856 4 _uhttp://www.loc.gov/catdir/toc/ecip0620/2006028112.html
_zTable of contents only
856 4 2 _3Publisher description
_uhttp://www.loc.gov/catdir/enhancements/fy0703/2006028112-d.html
906 _a7
_bcbc
_corignew
_d1
_eecip
_f20
_gy-gencatlg
942 _2ddc
_cBK